[Event "LSS SA-2022-0-00804"]
[Site "LSS email"]
[Date "2022.07.09"]
[Round "?"]
[White "Csaba, Fodor"]
[Black "Evans, Stan"]
[Result "1/2-1/2"]
[WhiteElo "2095"]
[BlackElo "2029"]
[PlyCount "89"]
[EventDate "2022.06.03"]
[EventType "tourn (corr)"]
[EventRounds "6"]
[EventCountry "GER"]
[SourceTitle "Corr 2024"]
[Source "ChessBase"]
[SourceDate "2023.10.19"]
[SourceVersion "1"]
[SourceVersionDate "2023.10.19"]
[SourceQuality "1"]

1. d4 Nf6 2. c4 e6 3. Nf3 d5 4. Nc3 Bb4 5. Qa4+ Nc6 6. e3 0-0 7. Bd2 dxc4 8. Bxc4 Bd6 9. Qc2 e5 10. dxe5 Nxe5 11. Nxe5 Bxe5 12. f4 Bxc3 13. Bxc3 Ng4 14. Bd4 c5 15. Bxc5 Re8 16. 0-0 Nxe3 17. Bxe3 Rxe3 18. Rfe1 Qb6 19. Qf2 Rxe1+ 20. Rxe1 Qxf2+ 21. Kxf2 Kf8 22. Bd5 Bd7 23. Re2 Rb8 24. Kf3 b6 25. Rc2 Re8 26. g4 Re7 27. f5 Re5 28. Bc6 Bxc6+ 29. Rxc6 Ra5 30. a3 h5 31. h3 Rb5 32. Rc2 Rb3+ 33. Kf4 Rxh3 34. Rc8+ Ke7 35. Rc7+ Ke8 36. gxh5 Rxh5 37. Rxa7 g6 38. fxg6 fxg6 39. Rc7 Rb5 40. b4 g5+ 41. Ke4 Kd8 42. Rf7 g4 43. Rg7 Rh5 44. a4 g3 45. Rxg3 1/2-1/2

[Event "WC-2022-S-00006"]
[Site "LSS email"]
[Date "2022.06.21"]
[Round "?"]
[White "Degn, Bruci"]
[Black "Csaba, Fodor"]
[Result "0-1"]
[WhiteElo "2120"]
[BlackElo "2079"]
[PlyCount "112"]
[EventDate "2022.06.21"]
[EventType "tourn (corr)"]
[EventRounds "12"]
[EventCountry "GER"]
[SourceTitle "Corr 2024"]
[Source "ChessBase"]
[SourceDate "2023.10.19"]
[SourceVersion "1"]
[SourceVersionDate "2023.10.19"]
[SourceQuality "1"]

1. g3 d5 2. Bg2 e5 3. d3 Nf6 4. Nf3 Bd6 5. 0-0 0-0 6. Nbd2 a5 7. e4 dxe4 8. Nxe4 Nxe4 9. dxe4 Nc6 10. c3 Bc5 11. Qd5 Bb6 12. Re1 Be6 13. Qb5 f6 14. Be3 Bxe3 15. Rxe3 a4 16. Bf1 Na5 17. Rd3 Qe8 18. Qb4 Nc4 19. Nd2 b5 20. Nxc4 bxc4 21. Rd2 Qc6 22. Rad1 h5 23. Qa3 h4 24. gxh4 Kh7 25. Bg2 Bg4 26. f3 Bh5 27. Rf2 Rfd8 28. Rxd8 Rxd8 29. Qb4 f5 30. exf5 Rd1+ 31. Rf1 Rxf1+ 32. Bxf1 Qxf3 33. Qc5 a3 34. bxa3 Qxc3 35. f6 gxf6 36. a4 Bf7 37. a5 Qf3 38. Bg2 Qd1+ 39. Bf1 Qg4+ 40. Bg2 Qd1+ 41. Bf1 Bd5 42. Kf2 Qf3+ 43. Ke1 Qc3+ 44. Kf2 Qf3+ 45. Ke1 c3 46. h5 Qe4+ 47. Be2 Qh4+ 48. Kd1 Qd4+ 49. Qxd4 exd4 50. a6 c5 51. a7 Kh6 52. Bc4 Ba8 53. Bd3 Kxh5 54. Kc2 Kg4 55. a4 f5 56. h3+ Kg5 0-1

[Event "LSS SA-2022-0-00799"]
[Site "LSS email"]
[Date "2022.05.14"]
[Round "?"]
[White "Csaba, Fodor"]
[Black "Baltar, Antoni"]
[Result "1/2-1/2"]
[WhiteElo "2062"]
[BlackElo "2141"]
[PlyCount "106"]
[EventDate "2022.04.05"]
[EventType "tourn (corr)"]
[EventRounds "6"]
[EventCountry "GER"]
[SourceTitle "Corr 2024"]
[Source "ChessBase"]
[SourceDate "2023.10.19"]
[SourceVersion "1"]
[SourceVersionDate "2023.10.19"]
[SourceQuality "1"]

1. e4 e5 2. Nf3 Nc6 3. Bb5 f5 4. d3 fxe4 5. dxe4 Nf6 6. 0-0 Bc5 7. Bxc6 bxc6 8. Nxe5 0-0 9. Nc3 d6 10. Na4 Qe8 11. Nd3 Bg4 12. Qe1 Bd4 13. c3 Bb6 14. h3 Bc8 15. e5 Nd7 16. c4 dxe5 17. Nxb6 cxb6 18. Qe4 Bb7 19. b3 Rb8 20. Bb2 c5 21. Qg4 Rf6 22. f3 Rd6 23. Rad1 Qe7 24. h4 Re8 25. Qg3 Rg6 26. Qh3 Rh6 27. Rfe1 Rxh4 28. Qg3 Rh5 29. Nxe5 Nxe5 30. f4 Qh4 31. Qxh4 Rxh4 32. Rxe5 Bc6 33. Rxe8+ Bxe8 34. Rd8 Kf7 35. Be5 Rg4 36. Kf2 h5 37. g3 h4 38. gxh4 Rxh4 39. Kg3 Rh1 40. Bb8 a5 41. Ba7 Ra1 42. Bxb6 Rxa2 43. Bxc5 a4 44. b4 a3 45. Rd3 Bc6 46. f5 Be4 47. Rd7+ Kf6 48. Kf4 Bxf5 49. Rd6+ Be6 50. b5 g5+ 51. Ke3 Kf5 52. Ra6 Bxc4 53. Rxa3 Rxa3+ 1/2-1/2

[Event "LSS SA-2022-0-00798"]
[Site "LSS email"]
[Date "2022.05.10"]
[Round "?"]
[White "Jacewicz, Grzegorz"]
[Black "Csaba, Fodor"]
[Result "1/2-1/2"]
[WhiteElo "2016"]
[BlackElo "2062"]
[PlyCount "81"]
[EventDate "2022.03.23"]
[EventType "tourn (corr)"]
[EventRounds "6"]
[EventCountry "GER"]
[SourceTitle "Corr 2024"]
[Source "ChessBase"]
[SourceDate "2023.10.19"]
[SourceVersion "1"]
[SourceVersionDate "2023.10.19"]
[SourceQuality "1"]

1. e4 Nf6 2. e5 Nd5 3. d4 d6 4. Nf3 dxe5 5. Nxe5 g6 6. Bc4 Be6 7. Bb3 Bg7 8. 0-0 Bxe5 9. dxe5 Nc6 10. Bh6 Qd7 11. Nd2 0-0-0 12. Nf3 Nb6 13. Qxd7+ Rxd7 14. Bxe6 fxe6 15. b3 Nd4 16. Nxd4 Rxd4 17. c4 Nd7 18. Rad1 Rxd1 19. Rxd1 Rd8 20. Bf4 a5 21. Kf1 a4 22. Ke2 axb3 23. axb3 Rf8 24. Ke3 b6 25. g3 c5 26. h4 Nb8 27. Bh6 Rh8 28. Kf4 Nc6 29. h5 gxh5 30. Kg5 Rd8 31. Rxd8+ Kxd8 32. Kxh5 Nxe5 33. Bd2 Nf7 34. b4 cxb4 35. Bxb4 Ke8 36. g4 e5 37. f3 Kd7 38. Bc3 Ke8 39. Bb4 Kd7 40. Bc3 Ke8 41. Bb4 1/2-1/2

[Event "LSS SA-2022-0-00798"]
[Site "LSS email"]
[Date "2022.05.08"]
[Round "?"]
[White "Csaba, Fodor"]
[Black "Oliger, Mark"]
[Result "1/2-1/2"]
[WhiteElo "2062"]
[BlackElo "2075"]
[PlyCount "102"]
[EventDate "2022.03.23"]
[EventType "tourn (corr)"]
[EventRounds "6"]
[EventCountry "GER"]
[SourceTitle "Corr 2024"]
[Source "ChessBase"]
[SourceDate "2023.10.19"]
[SourceVersion "1"]
[SourceVersionDate "2023.10.19"]
[SourceQuality "1"]

1. e4 e5 2. Nf3 Nc6 3. Bb5 a6 4. Ba4 Nf6 5. 0-0 Nxe4 6. d4 b5 7. Bb3 d5 8. dxe5 Be6 9. Nbd2 Nc5 10. c3 Be7 11. Bc2 d4 12. Nb3 d3 13. Bb1 Nxb3 14. axb3 Bf5 15. Re1 0-0 16. b4 Qd7 17. Bf4 Rfd8 18. h3 a5 19. g4 Bg6 20. bxa5 Rxa5 21. Ba2 Rf8 22. e6 Qd8 23. exf7+ Kh8 24. b4 Ra4 25. Bd2 h6 26. Be6 Rxa1 27. Qxa1 Bxf7 28. Qa2 Be8 29. Re3 Bd6 30. Qd5 Qf6 31. g5 hxg5 32. Bg4 Bf7 33. Qxb5 Bf4 34. Re4 Bxd2 35. Qc5 Ne7 36. Nxd2 Ng6 37. Re3 Ra8 38. Rf3 Nf4 39. Ne4 d2 40. Nxf6 d1Q+ 41. Kh2 Qf1 42. Rxf4 gxf4 43. Bf3 Rd8 44. Ne4 Re8 45. Qxc7 Rxe4 46. Bxe4 Qxf2+ 47. Bg2 Qg3+ 48. Kg1 Qe1+ 49. Kh2 Qg3+ 50. Kh1 Qe1+ 51. Kh2 Qg3+ 1/2-1/2

[Event "LSS SA-2022-0-00796"]
[Site "LSS email"]
[Date "2022.04.28"]
[Round "?"]
[White "Csaba, Fodor"]
[Black "Salzmann, Stefan"]
[Result "1/2-1/2"]
[WhiteElo "2062"]
[BlackElo "2115"]
[PlyCount "66"]
[EventDate "2022.03.01"]
[EventType "tourn (corr)"]
[EventRounds "6"]
[EventCountry "GER"]
[SourceTitle "Corr 2024"]
[Source "ChessBase"]
[SourceDate "2023.10.19"]
[SourceVersion "1"]
[SourceVersionDate "2023.10.19"]
[SourceQuality "1"]

1. e4 c6 2. d4 d5 3. Nc3 dxe4 4. Nxe4 Bf5 5. Ng3 Bg6 6. h4 h6 7. Nf3 Nd7 8. h5 Bh7 9. Bd3 Bxd3 10. Qxd3 e6 11. Bd2 Ngf6 12. Ne4 Nxe4 13. Qxe4 Nf6 14. Qe2 Be7 15. 0-0-0 Qd5 16. c4 Qe4 17. Qxe4 Nxe4 18. Be3 f5 19. Rhe1 0-0 20. Kc2 Rad8 21. Re2 Rfe8 22. a4 Bf6 23. Nd2 Nxd2 24. Rexd2 Kf7 25. b4 a6 26. Kb3 Bg5 27. Rd3 Rd7 28. Bxg5 hxg5 29. Kc3 Rh8 30. Rh1 g4 31. g3 Rhd8 32. Re1 Kf6 33. Re5 Rh8 1/2-1/2

[Event "ZH-2022-0-02019"]
[Site "LSS email"]
[Date "2022.04.20"]
[Round "?"]
[White "Csaba, Fodor"]
[Black "Ozen, Bahadir"]
[Result "1/2-1/2"]
[WhiteElo "2063"]
[BlackElo "2257"]
[PlyCount "86"]
[EventDate "2022.04.20"]
[EventType "match (corr)"]
[EventRounds "2"]
[EventCountry "GER"]
[SourceTitle "Corr 2024"]
[Source "ChessBase"]
[SourceDate "2023.10.19"]
[SourceVersion "1"]
[SourceVersionDate "2023.10.19"]
[SourceQuality "1"]

1. d4 Nf6 2. c4 e6 3. Nf3 d5 4. Nc3 c6 5. Bg5 dxc4 6. e4 b5 7. e5 h6 8. Bh4 g5 9. Nxg5 hxg5 10. Bxg5 Nbd7 11. g3 Bb7 12. Bg2 Qb6 13. exf6 0-0-0 14. 0-0 c5 15. d5 b4 16. Rb1 Qa6 17. dxe6 Bxg2 18. e7 Bxf1 19. Kxf1 Bxe7 20. fxe7 Rdg8 21. Ne4 c3+ 22. Kg1 Rxg5 23. Nxg5 Qg6 24. bxc3 Qxg5 25. Qe2 Qe5 26. Qa6+ Kb8 27. cxb4 cxb4 28. Qa3 Qd6 29. Qxb4+ Qxb4 30. Rxb4+ Kc7 31. Rf4 f6 32. Re4 Re8 33. Re6 Ne5 34. Rxf6 Kd7 35. Ra6 Kxe7 36. Rxa7+ Kf6 37. Ra6+ Kf7 38. Ra3 Rc8 39. h3 Rc2 40. g4 Kf6 41. Kg2 Nc4 42. Ra6+ Kg7 43. Ra7+ Kg6 1/2-1/2

[Event "LSS SA-2021-0-00775"]
[Site "LSS email"]
[Date "2021.10.18"]
[Round "?"]
[White "Sundqvist, Christer"]
[Black "Csaba, Fodor"]
[Result "1/2-1/2"]
[WhiteElo "2170"]
[BlackElo "2004"]
[PlyCount "66"]
[EventDate "2021.09.25"]
[EventType "tourn (corr)"]
[EventRounds "6"]
[EventCountry "GER"]
[SourceTitle "Corr 2024"]
[Source "ChessBase"]
[SourceDate "2023.10.19"]
[SourceVersion "1"]
[SourceVersionDate "2023.10.19"]
[SourceQuality "1"]

1. d4 d5 2. Nf3 Nc6 3. c4 Bg4 4. Nc3 e6 5. Bf4 Nf6 6. e3 Bb4 7. Rc1 0-0 8. h3 Bxf3 9. Qxf3 Na5 10. cxd5 Qxd5 11. Bd3 c5 12. Be5 cxd4 13. Bxd4 Nc6 14. Bxf6 Qxd3 15. Qg4 Qg6 16. Qxg6 hxg6 17. Bh4 Rfc8 18. a3 Bxc3+ 19. Rxc3 Na5 20. Kd2 Rxc3 21. Kxc3 Rc8+ 22. Kd3 e5 23. e4 f6 24. f3 g5 25. Bf2 a6 26. Rf1 b5 27. Rb1 Nb3 28. Rf1 Kf7 29. Rd1 Kg6 30. Be1 Kh5 31. Rb1 Nc5+ 32. Ke2 Ne6 33. Bc3 Nc5 1/2-1/2

[Event "LSS SA-2021-0-00775"]
[Site "LSS email"]
[Date "2021.10.15"]
[Round "?"]
[White "Csaba, Fodor"]
[Black "Vaassen, Jack M"]
[Result "1/2-1/2"]
[WhiteElo "2004"]
[BlackElo "2061"]
[PlyCount "102"]
[EventDate "2021.09.25"]
[EventType "tourn (corr)"]
[EventRounds "6"]
[EventCountry "GER"]
[SourceTitle "Corr 2024"]
[Source "ChessBase"]
[SourceDate "2023.10.19"]
[SourceVersion "1"]
[SourceVersionDate "2023.10.19"]
[SourceQuality "1"]

1. e4 c5 2. Nf3 Nc6 3. d4 cxd4 4. Nxd4 Nf6 5. Nc3 e5 6. Ndb5 d6 7. Nd5 Nxd5 8. exd5 Nb8 9. a4 Be7 10. Be2 0-0 11. 0-0 Nd7 12. Bd2 a6 13. Na3 a5 14. f4 exf4 15. Bxf4 Nc5 16. c3 Bd7 17. Bb5 f5 18. Be3 Ne4 19. Bd3 Bg5 20. Bd4 Rc8 21. Nb5 Bxb5 22. axb5 Bf6 23. Bc2 Be5 24. Bxe4 fxe4 25. Bxe5 dxe5 26. Rxf8+ Qxf8 27. h3 Qc5+ 28. Kh2 Rd8 29. Rxa5 e3 30. Qe1 Qxd5 31. Qxe3 e4 32. Ra4 Qe5+ 33. Qg3 Qe7 34. b6 Re8 35. Qc7 Qf8 36. Ra1 e3 37. Re1 h6 38. Re2 Qf1 39. Qc4+ Kh8 40. Qa4 Re7 41. Qc4 Re8 42. Qa4 Re7 43. Qb4 Re8 44. Qg4 Kh7 45. c4 Qf6 46. Qd7 Qf4+ 47. Kg1 Re4 48. Qd3 Kh8 49. Qd8+ Kh7 50. Qd3 Kh8 51. Qd8+ Kh7 1/2-1/2

[Event "LSS SA-2021-0-00775"]
[Site "LSS email"]
[Date "2021.10.15"]
[Round "?"]
[White "Pilgram, Kurt"]
[Black "Csaba, Fodor"]
[Result "1/2-1/2"]
[WhiteElo "2178"]
[BlackElo "2004"]
[PlyCount "112"]
[EventDate "2021.09.25"]
[EventType "tourn (corr)"]
[EventRounds "6"]
[EventCountry "GER"]
[SourceTitle "Corr 2024"]
[Source "ChessBase"]
[SourceDate "2023.10.19"]
[SourceVersion "1"]
[SourceVersionDate "2023.10.19"]
[SourceQuality "1"]

1. e4 e5 2. Nf3 Nc6 3. Bb5 a6 4. Ba4 Nf6 5. 0-0 Be7 6. Re1 b5 7. Bb3 0-0 8. h3 Bb7 9. d3 d6 10. a3 Qd7 11. Nc3 Nd8 12. d4 exd4 13. Nxd4 Re8 14. Nf5 Ne6 15. Nxe7+ Rxe7 16. f3 Rd8 17. Bxe6 fxe6 18. e5 dxe5 19. Qxd7 Rdxd7 20. Rxe5 h6 21. Be3 Re8 22. Re1 Kf7 23. Bf4 Nd5 24. Ne2 Nb6 25. b3 g5 26. Bh2 Rd2 27. Rc5 Rc8 28. Ng3 Nd7 29. Rc3 c5 30. Nf1 Rd4 31. Rce3 Rc6 32. Bg3 a5 33. Bf2 Nf6 34. Ra1 h5 35. Re2 Rd7 36. Be1 b4 37. axb4 axb4 38. Re5 Rd5 39. Rxd5 exd5 40. Ra7 Rb6 41. h4 g4 42. Bf2 Rb5 43. Bxc5 Rxc5 44. Rxb7+ Kg6 45. Rxb4 Rxc2 46. Rb6 gxf3 47. gxf3 Ra2 48. Ne3 Kg7 49. Ng2 Rd2 50. Nf4 Rb2 51. b4 Kf7 52. Rb7+ Ke8 53. Rb5 Rd2 54. Rb8+ Ke7 55. Rb7+ Nd7 56. Nxh5 Kd8 1/2-1/2

[Event "LSS SA-2021-0-00774"]
[Site "LSS email"]
[Date "2021.10.01"]
[Round "?"]
[White "Csaba, Fodor"]
[Black "Kazimierski, Tomasz"]
[Result "1/2-1/2"]
[WhiteElo "2002"]
[BlackElo "2123"]
[PlyCount "86"]
[EventDate "2021.09.12"]
[EventType "tourn (corr)"]
[EventRounds "6"]
[EventCountry "GER"]
[SourceTitle "Corr 2024"]
[Source "ChessBase"]
[SourceDate "2023.10.19"]
[SourceVersion "1"]
[SourceVersionDate "2023.10.19"]
[SourceQuality "1"]

1. e4 e5 2. Nf3 Nc6 3. Bb5 a6 4. Ba4 Nf6 5. 0-0 Be7 6. Bxc6 dxc6 7. Re1 Bg4 8. h3 Bh5 9. g4 Nxg4 10. hxg4 Bxg4 11. d3 f6 12. Qe2 Qd7 13. Nbd2 0-0-0 14. Nf1 h5 15. Ne3 Bb4 16. Rd1 Bc5 17. Kg2 Bh3+ 18. Kh1 g5 19. Rg1 Rdg8 20. Nc4 h4 21. Bxg5 fxg5 22. Nxg5 Be6 23. Nxe5 Qe7 24. Nef3 Bd7 25. c3 Qf8 26. b4 Bd6 27. e5 Be7 28. Qe3 Kb8 29. e6 Be8 30. Ne4 h3 31. Rae1 h2 32. Rg3 Bh5 33. Ne5 Qf5 34. Rxg8+ Rxg8 35. Ng3 Qh3 36. d4 Bh4 37. Nd3 Bxg3 38. Nf4 Qh4 39. Ng2 Qh3 40. Qd3 Ka7 41. c4 Be8 42. Nf4 Qh4 43. Ng2 Qh3 1/2-1/2

[Event "LSS SA-2021-0-00773"]
[Site "LSS email"]
[Date "2021.09.29"]
[Round "?"]
[White "Csaba, Fodor"]
[Black "Martin, Simone"]
[Result "1/2-1/2"]
[WhiteElo "2002"]
[BlackElo "1950"]
[PlyCount "102"]
[EventDate "2021.08.29"]
[EventType "tourn (corr)"]
[EventRounds "6"]
[EventCountry "GER"]
[SourceTitle "Corr 2024"]
[Source "ChessBase"]
[SourceDate "2023.10.19"]
[SourceVersion "1"]
[SourceVersionDate "2023.10.19"]
[SourceQuality "1"]

1. e4 e5 2. Nf3 Nc6 3. Bc4 Bc5 4. c3 Nf6 5. d3 a6 6. 0-0 d6 7. Nbd2 0-0 8. a4 Ba7 9. h3 h6 10. Re1 Be6 11. Bxe6 fxe6 12. b4 Ne7 13. d4 exd4 14. cxd4 Qd7 15. Nf1 d5 16. Ng3 dxe4 17. Nxe4 Nc6 18. Nc5 Bxc5 19. bxc5 Rad8 20. Ra2 e5 21. Nxe5 Nxe5 22. Rxe5 Qxd4 23. Qb3+ Nd5 24. Rae2 Qc3 25. Qb1 Rf6 26. Bb2 Qxc5 27. Qd3 Qd6 28. Qb3 Rg6 29. h4 Qb6 30. Qa2 Qd6 31. R2e4 Kh7 32. h5 Rf6 33. Qb1 Kg8 34. Qa2 Kh7 35. Qb1 Kg8 36. Rxd5 Qxd5 37. Bxf6 Qd1+ 38. Re1 Qxb1 39. Rxb1 gxf6 40. Rxb7 Rd4 41. Rxc7 Rxa4 42. Rc5 Rg4 43. Ra5 Rg5 44. Rxa6 Kf7 45. Ra7+ Kg8 46. g3 Rxh5 47. Kg2 Rc5 48. Kh3 Rh5+ 49. Kg2 Rf5 50. f4 h5 51. Kh3 Rd5 1/2-1/2

[Event "LSS SA-2021-0-00771"]
[Site "LSS email"]
[Date "2021.09.19"]
[Round "?"]
[White "Sundqvist, Christer"]
[Black "Csaba, Fodor"]
[Result "1/2-1/2"]
[WhiteElo "2166"]
[BlackElo "2002"]
[PlyCount "103"]
[EventDate "2021.08.18"]
[EventType "tourn (corr)"]
[EventRounds "6"]
[EventCountry "GER"]
[SourceTitle "Corr 2024"]
[Source "ChessBase"]
[SourceDate "2023.10.19"]
[SourceVersion "1"]
[SourceVersionDate "2023.10.19"]
[SourceQuality "1"]

1. Nf3 c5 2. e4 d6 3. d4 cxd4 4. Nxd4 Nf6 5. Nc3 a6 6. Be3 e5 7. Nb3 Be6 8. Qd2 Nbd7 9. f3 h5 10. Nd5 Bxd5 11. exd5 g6 12. Be2 Bg7 13. 0-0 b6 14. Rad1 0-0 15. a4 Re8 16. Nc1 Qc8 17. Kh1 Nc5 18. b3 h4 19. Na2 Nh5 20. Nb4 Qf5 21. Kg1 Nf4 22. Nc6 Bh6 23. Rde1 a5 24. Bb5 Kg7 25. Rb1 Rh8 26. b4 axb4 27. Rxb4 Qg5 28. Kh1 Qf6 29. Kg1 h3 30. g3 Ng2 31. Bxh6+ Rxh6 32. Be2 Rxa4 33. Rxa4 Nxa4 34. Rf2 Nc5 35. Bf1 Rh8 36. Bxg2 hxg2 37. Kxg2 Qf5 38. h4 Ra8 39. Qb4 Re8 40. Re2 e4 41. Qd4+ f6 42. fxe4 Qg4 43. Re1 Rxe4 44. Rxe4 Nxe4 45. Qd3 Qf5 46. Qd4 Nc5 47. Qc4 Ne4 48. Qd4 g5 49. hxg5 Nxg5 50. Qd3 Ne4 51. Qd4 Kf7 52. Nd8+ 1/2-1/2

[Event "LSS No Engine Cup 221 Preliminary 0"]
[Site "LSS email"]
[Date "2021.09.14"]
[Round "?"]
[White "Csaba, Fodor"]
[Black "Langheld, Werner"]
[Result "1/2-1/2"]
[WhiteElo "1551"]
[BlackElo "2038"]
[PlyCount "54"]
[EventDate "2021.09.14"]
[EventType "tourn (corr)"]
[EventRounds "6"]
[EventCountry "GER"]
[SourceTitle "Corr 2024"]
[Source "ChessBase"]
[SourceDate "2023.10.19"]
[SourceVersion "1"]
[SourceVersionDate "2023.10.19"]
[SourceQuality "1"]

1. e4 d5 2. exd5 Qxd5 3. Nc3 Qa5 4. Nf3 Nf6 5. Be2 c6 6. d4 Bf5 7. 0-0 e6 8. Nh4 Bg6 9. a3 Bd6 10. g3 Nbd7 11. Nxg6 hxg6 12. Qd3 0-0 13. Ne4 Nxe4 14. Qxe4 Qf5 15. Qxf5 gxf5 16. Rd1 Nf6 17. a4 a5 18. Bf3 Rfd8 19. Bg5 Be7 20. h4 Rd7 21. c3 g6 22. Kf1 Rc8 23. Ke2 Kg7 24. Re1 Nh7 25. Be3 Nf6 26. Bg5 Rb8 27. Rab1 Rh8 1/2-1/2

[Event "LSS No Engine Cup 221 Preliminary 0"]
[Site "LSS email"]
[Date "2021.09.14"]
[Round "?"]
[White "Csaba, Fodor"]
[Black "Sheers, Matthew"]
[Result "0-1"]
[WhiteElo "1551"]
[BlackElo "2277"]
[PlyCount "46"]
[EventDate "2021.09.14"]
[EventType "tourn (corr)"]
[EventRounds "6"]
[EventCountry "GER"]
[SourceTitle "Corr 2024"]
[Source "ChessBase"]
[SourceDate "2023.10.19"]
[SourceVersion "1"]
[SourceVersionDate "2023.10.19"]
[SourceQuality "1"]

1. e4 e6 2. d4 d5 3. e5 c5 4. Qg4 Nc6 5. Nf3 cxd4 6. Bd3 h5 7. Qg3 h4 8. Qg4 Nh6 9. Qf4 f6 10. c3 dxc3 11. Nxc3 Be7 12. 0-0 Nf7 13. exf6 gxf6 14. Qg4 h3 15. Qg7 f5 16. Re1 Bf6 17. Qg6 Kf8 18. g3 Rg8 19. Bh6+ Ke7 20. Nxd5+ Qxd5 21. Qxg8 Bd7 22. Qxa8 Nxh6 23. Bf1 Nd4 0-1

[Event "SB-2021-0-00615"]
[Site "LSS email"]
[Date "2021.06.05"]
[Round "?"]
[White "Csaba, Fodor"]
[Black "Kraujunas, Vladas"]
[Result "1-0"]
[WhiteElo "1928"]
[BlackElo "1866"]
[PlyCount "95"]
[EventDate "2021.03.14"]
[EventType "tourn (corr)"]
[EventRounds "6"]
[EventCountry "GER"]
[SourceTitle "Corr 2024"]
[Source "ChessBase"]
[SourceDate "2023.10.19"]
[SourceVersion "1"]
[SourceVersionDate "2023.10.19"]
[SourceQuality "1"]

1. e4 e5 2. Nf3 Nc6 3. Bb5 a6 4. Ba4 Nf6 5. d3 Bc5 6. c3 b5 7. Bb3 d6 8. Bg5 h6 9. Bh4 Bb6 10. a4 Rb8 11. axb5 axb5 12. Na3 Na5 13. Bc2 Bd7 14. 0-0 g5 15. Bg3 b4 16. cxb4 Nc6 17. Nc4 Nxb4 18. Nxb6 Rxb6 19. d4 exd4 20. Nxd4 0-0 21. Bb1 c5 22. Ne2 Bb5 23. Re1 Nh5 24. Nc3 Nxg3 25. hxg3 Bc6 26. Re2 Qf6 27. Rd2 Rd8 28. f4 gxf4 29. Qf3 Kh8 30. Ra7 Bb7 31. Ra3 d5 32. exd5 fxg3 33. Qxg3 Rg8 34. Qe3 Qg5 35. Qxg5 hxg5 36. d6 Rd8 37. Be4 Ba6 38. d7 Re6 39. g4 Kg7 40. Rd1 Re5 41. Ra5 Kf8 42. Bf5 Bc4 43. Ne4 Be6 44. Rxc5 Rd5 45. Rcxd5 Nxd5 46. Bxe6 fxe6 47. Nc5 Ke7 48. Re1 1-0